=LDR 00000nam 2200000 4500 =001 INLIS000000001052450 =005 20240829022721 =035 ##$$a 0010-0824000268 =245 1#$$a Kepabeanan dan tindakan antidumping, tindakan imbalan, dan tindakan pengamanan perdagangan : $b Undang-undang RI No. 10 Tahun 1995 tentang kepabeanan dan perubahannya /$c INDONESIA =100 #$$a INDONESIA =250 ##$$a cet.1 =300 ##$$a vi, 386 hlm. ; $c 21 x 10 cm =260 ##$$a Bandung :$b Fokus Media,$c 2011 =082 ##$$a R.336.26 =084 ##$$a R.336.26 IND k =020 ##$$a 978-602-8733-96-0 =600 #4$$a BEA DAN CUKAI - UNDANG-UNDANG DAN PERATURAN =008 240829################g##########0#ind## =990 ##$$a 1201200157 =990 ##$$a 1201200158 =990 ##$$a 1201200159 =990 ##$$a 21200613 =990 ##$$a 1201200157 =990 ##$$a 1201200158 =990 ##$$a 21200614 =990 ##$$a 1201200157 =990 ##$$a 21200613 =990 ##$$a 21200615 =990 ##$$a 21200614 =990 ##$$a 21200613 =990 ##$$a 21200615 =990 ##$$a 21200614 =990 ##$$a 21200613